Reflexiones filosóficas

Shranjeno v:
Bibliografske podrobnosti
Glavni avtor: Edgar Roy Ramirez
Format: Knjiga
Jezik:Undetermined
Izdano: San José, Costa Rica Librería la Mini 1992
Teme:
Oznake: Označite
Brez oznak, prvi označite!

MARC

LEADER 00000nam a2200000Ia 4500
008 170316s9999 xx 000 0 und d
090 |a 100 R-11.1r 
100 |a Edgar Roy Ramirez 
245 |a Reflexiones filosóficas 
260 |a San José, Costa Rica 
260 |b Librería la Mini 
260 |c 1992 
300 |a 338 páginas 
650 |a FILOSOFÍA 
999 |c 17397  |d 17397 
040 |a cru BVZT 
942 |c 15 D  |h 100 R-11.1r  |2 z